000 00777nam a2200265Ia 4500
003 OSt
005 20220925215535.0
006 a|||||r|||| 00| 0
007 ta
008 220923b |||||||| |||| 00| 0 eng d
020 _a009*133750X
037 _cGeneral Book
040 _aRTL
_cRTL
_beng
041 _2eng
_aeng
082 _aX:89K33.3.N7, L4; L8/TD
100 _aGlasson John
_9283049
245 0 _aIntroductin to regional plnning
_b Concepts theory a
250 _aEd 2
260 _aLondon
_bHutchinson UK
_c1978
300 _a422p. Appendix P 400-415
_ccm.
490 _aBuild environment series
650 _aRegional Economics
942 _hX:89K33.3.N7, L4; L8/TD
_cGB
_2CC
999 _c569102
_d569102